| 000 | 00704nam a2200229 i 4500 | ||
|---|---|---|---|
| 001 | 126199 | ||
| 003 | ES-MaACL | ||
| 005 | 20250812051209.0 | ||
| 007 | t| | ||
| 008 | 070214s1973 mx af |||| |dspa d | ||
| 080 | _a7(47) | ||
| 100 | 1 |
_aRéau, Louis ( _d1881-1961) _995691 |
|
| 245 | 1 | 3 |
_aEl arte ruso / _cLouis Réau ; traducción de María Josefa Pupareli, Jas Reuter. |
| 250 | _a1ª ed., reimp. | ||
| 260 |
_aMéxico : _bFondo de Cultura Económica, _c1973. |
||
| 300 |
_a158 p., 16 lám. ; _c17 cm. |
||
| 650 | 7 |
_aArte ruso _2embne _9135620 |
|
| 700 | 1 |
_aPupareli, María Josefa. _994411 |
|
| 700 | 1 |
_aReuter, Jas. _996381 |
|
| 852 |
_aES-MaACL _jE-7185 |
||
| 999 |
_c126199 _d126199 |
||